Score 0/54 Timer 08:00
6 Plays Today
Column Answer % Correct
3-Letter LadderCAR
99.2%
3-Letter LadderBAR
99.1%
3-Letter LadderBAT
98.7%
3-Letter Ladder FAT
95.6%
3-Letter LadderBON
93.8%
2-Letter LadderTO
93.3%
4-Letter LadderWALK
93%
2-Letter LadderHI
92.8%
2-Letter LadderHO
92.8%
3-Letter LadderALT
92.6%
3-Letter Ladder FAN
92.4%
3-Letter LadderBLT
92%
2-Letter Ladder★ ME ★
91.9%
3-Letter Ladder FUN
91.6%
2-Letter LadderMI
91.2%
3-Letter LadderBUN
91.1%
5-Letter LadderPARIS
90.7%
4-Letter LadderWALL
90.6%
3-Letter Ladder ★ SON ★
89.7%
4-Letter Ladder MAIL
89.4%
4-Letter Ladder★ WILL ★
89.1%
4-Letter Ladder NAIL
88.8%
4-Letter LadderBARK
88.8%
3-Letter Ladder★ YOU ★
88.6%
4-Letter LadderBARN
88.6%
4-Letter Ladder★ LOVE ★
88.5%
4-Letter LadderDOVE
88.5%
Column Answer % Correct
3-Letter LadderION
88.2%
3-Letter Ladder SUN
88.1%
4-Letter Ladder MALL
88.1%
3-Letter LadderIOU
86.3%
5-Letter LadderPARTY
84.7%
4-Letter LadderBALK
84.6%
5-Letter Ladder★ MARRY ★
82.8%
5-Letter LadderMARTY
82.6%
5-Letter LadderPARTS
82.3%
6-Letter LadderDIPPER
79.5%
4-Letter Ladder MALT
79.2%
6-Letter LadderTIPPER
72.7%
6-Letter LadderTIPPED
71.1%
6-Letter LadderSIPPED
70.3%
2-Letter LadderTY
63.4%
3-Letter LadderBUD
61.6%
3-Letter Ladder HAT
60.4%
4-Letter LadderDOTE
60%
4-Letter LadderDATE
57.7%
4-Letter LadderDATA
56.6%
3-Letter Ladder★ ALI- ★
56.5%
6-Letter LadderDIAPER
55.9%
6-Letter Ladder★ DRAPER ★
50%
5-Letter LadderMARIS
47.3%
4-Letter Ladder NEIL
45.9%
4-Letter LadderTATA
44.2%
4-Letter Ladder ★ MATT ★
43.5%

Today's Daily Dose

Remove Ads.
Support Sporcle.
Get the best of Sporcle when you Go Orange. This ad-free experience offers more features, more stats, and more fun while also helping to support Sporcle. Thank you for becoming a member.

You're not logged in!

Compare scores with friends on all Sporcle quizzes.
OR
Log In

Show Comments

Extras

Top Quizzes Today


Score Distribution

Your Account Isn't Verified!

In order to create a playlist on Sporcle, you need to verify the email address you used during registration. Go to your Sporcle Settings to finish the process.

Report this User

Report this user for behavior that violates our Community Guidelines.

Details: